[Event "41st Festival MTO"]
[Site "Biel SUI"]
[Date "2008.07.22"]
[Round "2"]
[White "Kamber,B"]
[Black "Gleizerov,E"]
[Result "0-1"]
[WhiteElo "2327"]
[BlackElo "2549"]
[EventDate "2008.07.21"]

1. e4 e6 2. Nc3 d5 3. g3 dxe4 4. Nxe4 c5 5. Bg2 Be7 6. d3 Nf6 7. Bf4 O-O 8.
Nf3 Nd5 9. Bd2 Nc6 10. O-O e5 11. Re1 f6 12. a3 Be6 13. Rb1 a5 14. a4 Ndb4
15. Be3 Nd4 16. Bxd4 cxd4 17. Re2 Qd7 18. c3 Nc6 19. cxd4 Nxd4 20. Nxd4
Qxd4 21. Nc3 Rad8 22. Bxb7 Qxd3 23. Qxd3 Rxd3 24. Kg2 Rfd8 25. Ba6 Rd2 26.
Kf3 R2d4 27. Kg2 Bb4 28. Bb5 Rd2 29. Kf3 h5 30. Rxd2 Rxd2 31. Ke3 Rc2 32.
Ne4 f5 33. Bd3 Bb3 34. Bxc2 Bxc2 35. Rc1 Bxe4 36. f4 exf4+ 37. gxf4 Kf7 38.
Rc7+ Kf6 39. h4 Be1 40. Ra7 Bc2 41. Ra6+ Kf7 42. Ra7+ Kg6 43. Ra6+ Kh7 44.
Rc6 Bxa4 45. Rc1 Bb4 46. Kd4 Bd2 47. Ra1 Bc2 48. Rf1 Bb4 49. Rf2 Be4 50.
Rf1 Bd6 0-1

[Event "41st Festival MTO"]
[Site "Biel SUI"]
[Date "2008.07.22"]
[Round "2"]
[White "Bozinovic,Bog"]
[Black "Cebalo,M"]
[Result "1-0"]
[WhiteElo "2323"]
[BlackElo "2523"]
[EventDate "2008.07.21"]

1. d4 Nf6 2. Nf3 e6 3. e3 c5 4. Bd3 b6 5. O-O Bb7 6. c4 Be7 7. Nc3 a6 8. b3
d6 9. Bb2 Nbd7 10. Qe2 O-O 11. Rfd1 Re8 12. Rac1 Bf8 13. Bb1 Rc8 14. Ng5
cxd4 15. Rxd4 g6 16. Rcd1 d5 17. cxd5 exd5 18. Qf3 Qe7 19. Nh3 Bg7 20. Nf4
b5 21. h3 Nb6 22. Qg3 b4 23. Nce2 a5 24. R4d2 Ba6 25. Qf3 Ne4 26. Bxe4 dxe4
27. Qg3 Bc3 28. Rc2 Bd3 29. Nxc3 bxc3 30. Rxc3 Rxc3 31. Bxc3 Qc5 32. Bd4
Qc2 33. Ra1 Nd7 34. Qg5 Qc7 35. Nh5 Qd6 36. Qh6 Qf8 37. Qg5 Re6 38. Rc1 h6
39. Qg3 Kh7 40. Rc7 gxh5 41. Rc8 Rg6 42. Rxf8 Rxg3 43. Rh8+ 1-0

[Event "41st Festival MTO"]
[Site "Biel SUI"]
[Date "2008.07.22"]
[Round "2"]
[White "Avrukh,B"]
[Black "Mensch,E"]
[Result "1-0"]
[WhiteElo "2656"]
[BlackElo "2327"]
[EventDate "2008.07.21"]

1. d4 Nf6 2. c4 e6 3. Nf3 c5 4. d5 d6 5. Nc3 exd5 6. cxd5 g6 7. Bf4 Bg7 8.
e3 O-O 9. h3 Na6 10. Bxa6 bxa6 11. O-O Rb8 12. Qc2 Bf5 13. Qc1 Be4 14. Ng5
Bxd5 15. e4 h6 16. exd5 hxg5 17. Bxg5 Qb6 18. Rb1 Rfe8 19. Bh6 Qb4 20. Bxg7
Kxg7 21. b3 Re5 22. Qb2 Rbe8 23. Rbd1 Kg8 24. Rd3 Nh5 25. g3 Ng7 26. g4
R8e7 27. a3 Qf4 28. Qc1 Qf6 29. f4 Re2 30. Nxe2 Rxe2 31. Rf2 Re4 32. Kg2
Kh7 33. Qc3 Qe7 34. Rff3 g5 35. f5 Qe5 1-0

[Event "41st Festival MTO"]
[Site "Biel SUI"]
[Date "2008.07.22"]
[Round "2"]
[White "Hassan,Ab"]
[Black "Belov,Vl"]
[Result "0-1"]
[WhiteElo "2334"]
[BlackElo "2561"]
[EventDate "2008.07.21"]

1. d4 Nf6 2. Nf3 g6 3. c4 Bg7 4. g3 d5 5. Bg2 dxc4 6. O-O c6 7. a4 Ne4 8.
Qc2 Nd6 9. e4 Na6 10. Be3 Nb4 11. Qd2 a5 12. Nc3 O-O 13. h4 Rb8 14. Ne5 f6
15. Nf3 b5 16. d5 cxd5 17. exd5 bxa4 18. Nd4 Nf5 19. Rxa4 Nxd4 20. Bxd4 Bd7
21. Ra3 Bf5 22. Ne2 Nxd5 23. Rxa5 Nc7 24. Qc1 Bd3 25. Ba7 Bxe2 26. Re1 Rb5
27. Rxb5 Nxb5 28. Bc5 Qc7 29. Qe3 Bd3 30. Bxe7 Re8 31. Bd5+ Kh8 32. Bf7
Rxe7 33. Qxe7 Qxe7 34. Rxe7 Nd6 35. Bd5 f5 36. Rd7 Be5 37. Kh2 Ne4 38. Rd8+
Kg7 39. Rd7+ Kh8 40. Rd8+ Kg7 41. Rd7+ Kf8 42. Rf7+ Ke8 43. Rxh7 Bxb2 44.
Bf7+ Kd8 45. Bxg6 Nxf2 0-1

[Event "41st Festival MTO"]
[Site "Biel SUI"]
[Date "2008.07.22"]
[Round "2"]
[White "Rasch,H"]
[Black "Benkovic,P"]
[Result "1/2-1/2"]
[WhiteElo "2288"]
[BlackElo "2479"]
[EventDate "2008.07.21"]

1. e4 c5 2. Nf3 d6 3. Bc4 Nc6 4. O-O a6 5. a4 Nf6 6. d3 e6 7. Re1 Be7 8. e5
dxe5 9. Nxe5 Nxe5 10. Rxe5 Bd6 11. Re1 Qc7 12. h3 b6 13. Nc3 Bb7 14. Ne4
Nxe4 15. dxe4 O-O 16. Qg4 Kh8 17. Qe2 Bh2+ 18. Kh1 Be5 19. Ra3 Rfd8 20. Rd3
Rxd3 21. Bxd3 Kg8 22. b3 Bf4 23. Bb2 Be5 24. Bc1 a5 25. Bd2 Bf4 26. Bc3 Be5
27. Bd2 Rd8 28. Rf1 Bf4 29. Bc3 Be5 30. Bd2 Bc6 31. f4 Bf6 32. e5 Be7 33.
Bc3 Bf8 34. Rd1 Be7 35. Kg1 Qb7 36. Rd2 Qc7 37. Qh5 g6 38. Qe2 Bb7 39. Bb5
Bd5 40. Bc4 Qb7 41. Ba6 Qa8 42. Bc4 Qb7 43. Ba6 Qc7 44. Bc4 Bf8 45. Qd1 Qb7
46. Rd3 Be7 47. Bxd5 exd5 48. f5 d4 49. e6 Bg5 50. exf7+ Qxf7 51. fxg6 hxg6
52. Bd2 Bxd2 53. Qxd2 Rd5 1/2-1/2

[Event "41st Festival MTO"]
[Site "Biel SUI"]
[Date "2008.07.22"]
[Round "2"]
[White "Huss,A"]
[Black "Grachev,B"]
[Result "0-1"]
[WhiteElo "2378"]
[BlackElo "2640"]
[EventDate "2008.07.21"]

1. d4 d5 2. c4 e6 3. Nf3 c6 4. Nbd2 Nf6 5. e3 c5 6. cxd5 exd5 7. Bb5+ Nc6
8. O-O Bd7 9. b3 cxd4 10. Nxd4 Bd6 11. Bb2 O-O 12. Be2 a6 13. Nxc6 bxc6 14.
e4 Re8 15. exd5 cxd5 16. Nf3 Bf5 17. Nd4 Bg6 18. Rc1 Ne4 19. g3 Qa5 20. a3
Qd2 21. Qxd2 Nxd2 22. Rfe1 Be5 23. Bd1 Bf6 24. Rxe8+ Rxe8 25. f3 h5 26. Kf2
h4 27. Rc5 Rd8 28. Ke3 Nf1+ 29. Kf2 Nd2 30. Ke3 Nxb3 31. Bxb3 Rb8 32. Kf4
Bxd4 33. Bxd4 Rxb3 34. Rc3 hxg3 35. hxg3 Rb8 36. Ke5 Rd8 37. Rc6 f6+ 38.
Ke6 Bf7+ 39. Ke7 Ra8 40. Kd6 a5 41. Rc7 Rb8 42. g4 Rb1 43. Rc3 Rd1 44. Kc5
a4 45. Re3 Rd2 46. Rc3 Kh7 47. Rc1 Kg6 48. f4 Rg2 49. Rg1 Re2 50. Rg3 Kh7
51. g5 fxg5 52. fxg5 Kg6 53. Re3 Rg2 54. Re5 0-1

[Event "41st Festival MTO"]
[Site "Biel SUI"]
[Date "2008.07.23"]
[Round "3"]
[White "Bindrich,F"]
[Black "Illijin,N"]
[Result "1-0"]
[WhiteElo "2516"]
[BlackElo "2277"]
[EventDate "2008.07.21"]

1. d4 Nf6 2. c4 e6 3. Nc3 Bb4 4. Qc2 O-O 5. a3 Bxc3+ 6. Qxc3 b6 7. Bg5 Bb7
8. e3 d6 9. f3 Nbd7 10. Nh3 c5 11. Be2 Rc8 12. dxc5 dxc5 13. O-O-O Qe7 14.
Nf2 e5 15. Rd2 Rfe8 16. Ng4 Nf8 17. Bxf6 gxf6 18. Nh6+ Kh8 19. Nf5 Qe6 20.
Nd6 1-0

[Event "41st Festival MTO"]
[Site "Biel SUI"]
[Date "2008.07.23"]
[Round "3"]
[White "Meier,V"]
[Black "Ramesh,R"]
[Result "1/2-1/2"]
[WhiteElo "2276"]
[BlackElo "2478"]
[EventDate "2008.07.21"]

1. e4 c5 2. Nf3 d6 3. d4 cxd4 4. Qxd4 a6 5. c4 Nc6 6. Qd2 g6 7. b3 Bg7 8.
Bb2 Bxb2 9. Qxb2 Nf6 10. Nbd2 Bg4 11. Bd3 Bxf3 12. Nxf3 O-O 13. O-O Nd7 14.
Rfe1 Nc5 15. Rad1 e5 16. Bf1 Ne6 17. Rd5 Qe7 18. g3 Ned4 19. Nxd4 Nxd4 20.
Bg2 b5 21. Ra1 Rac8 22. Bf1 b4 23. Rd1 Rc5 24. R5xd4 exd4 25. Qxd4 Rd8 26.
Bg2 a5 27. f4 f6 28. h4 Kg7 29. Kh2 Rd7 1/2-1/2

[Event "41st Festival MTO"]
[Site "Biel SUI"]
[Date "2008.07.23"]
[Round "3"]
[White "Hausrath,D"]
[Black "AlHuwar,J"]
[Result "1-0"]
[WhiteElo "2491"]
[BlackElo "2260"]
[EventDate "2008.07.21"]

1. Nf3 Nf6 2. g3 d5 3. Bg2 Bg4 4. c4 c6 5. Ne5 Bh5 6. cxd5 Nxd5 7. Qb3 Qc7
8. d4 e6 9. e4 Nb6 10. g4 Bg6 11. h4 Qd6 12. Be3 Qb4+ 13. Nc3 Qxb3 14. axb3
f6 15. Nxg6 hxg6 16. d5 Nc8 17. dxe6 Ke7 18. O-O-O Kxe6 19. Rd8 Nd7 20. Rd1
Ncb6 21. R1xd7 1-0

[Event "41st Festival MTO"]
[Site "Biel SUI"]
[Date "2008.07.23"]
[Round "3"]
[White "Cherniaev,A1"]
[Black "Baramidze,D"]
[Result "1/2-1/2"]
[WhiteElo "2431"]
[BlackElo "2593"]
[EventDate "2008.07.21"]

1. e4 e5 2. Nf3 Nc6 3. Bc4 Bc5 4. c3 Nf6 5. d3 a6 6. Bb3 Ba7 7. O-O d6 8.
Be3 h6 9. Nbd2 O-O 10. h3 Re8 11. Bxa7 Rxa7 12. Nc4 Be6 13. a4 Ra8 14. a5
Qd7 15. Ne3 d5 16. Ba4 Qd6 17. Nxe5 Qxe5 18. f4 Qd6 19. e5 Qd8 20. exf6 d4
21. f5 dxe3 22. fxe6 Rxe6 23. Qe2 Rxf6 24. Bb3 Qe7 25. Rxf6 gxf6 26. Qh5
Kg7 27. Re1 Re8 28. d4 Nb8 29. Bc4 c6 30. Qg4+ Kh8 31. Qf4 Kg7 32. b4 Nd7
33. h4 Nf8 34. Qg4+ Kh8 35. Qf4 1/2-1/2

[Event "41st Festival MTO"]
[Site "Biel SUI"]
[Date "2008.07.23"]
[Round "3"]
[White "Misiano,F"]
[Black "Nezad,H"]
[Result "1/2-1/2"]
[WhiteElo "2269"]
[BlackElo "2372"]
[EventDate "2008.07.21"]

1. e4 e5 2. Nf3 Nc6 3. Bb5 f5 4. Nc3 fxe4 5. Nxe4 Nf6 6. Nxf6+ Qxf6 7. Qe2
Be7 8. Bxc6 bxc6 9. Nxe5 O-O 10. O-O Qe6 11. Qc4 d5 12. Qc3 c5 13. Qe3 Bb7
14. Nd3 Qd6 15. b4 d4 16. bxc5 Qc6 17. Qh3 Rf6 18. Re1 Rh6 19. Ne5 Qxc5 20.
Qb3+ Qd5 21. Nc6 Bxc6 22. Rxe7 Rg6 23. Qxd5+ Bxd5 24. g3 Rb8 25. Rd7 Bf3
26. Rxd4 Rgb6 27. Rd3 Be4 28. Rb3 Bxc2 29. Rxb6 axb6 30. Bb2 Rd8 31. Bc3
Ra8 32. a3 Kf7 33. f4 Be4 34. Kf2 g6 35. Ke3 Bd5 36. Be5 c6 37. d3 Ke6 38.
a4 h5 39. Rb1 Rxa4 40. Rxb6 Ra2 41. Rb2 1/2-1/2

[Event "41st Festival MTO"]
[Site "Biel SUI"]
[Date "2008.07.23"]
[Round "3"]
[White "Al Sayed,Mohamad"]
[Black "Avrukh,B"]
[Result "1-0"]
[WhiteElo "2470"]
[BlackElo "2656"]
[EventDate "2008.07.21"]

1. d4 Nf6 2. c4 c5 3. d5 e5 4. Nc3 d6 5. e4 Be7 6. Bd3 Nbd7 7. Nge2 O-O 8.
Ng3 Ne8 9. Nf5 Bg5 10. Bxg5 Qxg5 11. g3 a6 12. Qe2 Qd8 13. O-O-O b5 14.
cxb5 Nb6 15. bxa6 Nc7 16. f4 Re8 17. Rhf1 c4 18. Bxc4 Nxc4 19. Qxc4 Bxa6
20. Qb4 Bxf1 21. Rxf1 Ra6 22. fxe5 Rxe5 23. h4 Re8 24. g4 f6 25. g5 Rf8 26.
Rg1 Ne8 27. g6 hxg6 28. Rxg6 Qb6 29. Qc4 Ra7 30. Qe2 Qa6 31. Qg2 Rc7 32.
Kd2 Qb6 33. Ke1 Qb4 34. Rg3 Kh7 35. Qe2 g6 1-0

[Event "41st Festival MTO"]
[Site "Biel SUI"]
[Date "2008.07.23"]
[Round "3"]
[White "Tairova,E"]
[Black "Maze,S"]
[Result "0-1"]
[WhiteElo "2417"]
[BlackElo "2553"]
[EventDate "2008.07.21"]

1. e4 e5 2. Nf3 Nc6 3. Bc4 Bc5 4. c3 Nf6 5. d3 d6 6. Bb3 a6 7. h3 h6 8.
Nbd2 Ba7 9. Nf1 d5 10. Qe2 d4 11. g4 Qd6 12. Ng3 g6 13. Bd2 Be6 14. Bxe6
Qxe6 15. c4 a5 16. a3 a4 17. Qd1 Bb6 18. Kf1 Nd7 19. Kg2 Nc5 20. Bb4 Qf6
21. Qc2 Nd8 22. Ng1 Nde6 23. N1e2 Nb3 24. Rab1 c5 25. Bd2 Bc7 26. f3 h5 27.
Rbg1 h4 28. Nf1 O-O 29. Be1 Ba5 30. Bxa5 Rxa5 31. Nd2 Nxd2 32. Qxd2 Rfa8
33. Rb1 b5 34. cxb5 Rxb5 35. Rhc1 Qd8 36. Rc4 Qb6 37. Qc2 Rb8 38. b4 axb3
39. Qb2 Qa7 40. Kf2 Ra5 41. Ra1 Ra4 42. Rxa4 Qxa4 43. Rc1 Ra8 44. Rb1 Qxa3
45. Qxb3 Qxb3 46. Rxb3 Ra2 47. Kf1 Ng5 48. Ng1 Rc2 49. Ra3 Kg7 50. Rb3 Kf6
51. Rb6+ Ne6 52. Rb3 Rc3 53. Rxc3 dxc3 54. Ne2 c2 55. Nc1 Nf4 0-1

[Event "41st Festival MTO"]
[Site "Biel SUI"]
[Date "2008.07.23"]
[Round "3"]
[White "Raetsky,A"]
[Black "Bauer,Ch"]
[Result "1-0"]
[WhiteElo "2421"]
[BlackElo "2583"]
[EventDate "2008.07.21"]

1. d4 a6 2. e4 e6 3. c4 d5 4. exd5 exd5 5. Nc3 Nf6 6. Bg5 dxc4 7. Bxc4 Be7
8. Nf3 O-O 9. Ne5 b5 10. Bb3 Bb7 11. O-O Nc6 12. Nxc6 Bxc6 13. Rc1 Bb7 14.
Re1 Qd7 15. Re5 h6 16. Qe2 Bd8 17. Be3 Kh8 18. h3 Qd6 19. a3 Nd7 20. Rh5
Qg6 21. g4 Re8 22. Bc2 Qd6 23. Qd3 Nf8 24. d5 Rxe3 25. Qxe3 Kg8 26. Ne4 Qe7
27. Re1 Bc8 28. Qd2 Ng6 29. g5 Ne5 30. Qc3 Bd7 31. b4 1-0

[Event "41st Festival MTO"]
[Site "Biel SUI"]
[Date "2008.07.23"]
[Round "3"]
[White "Georg,Mi"]
[Black "Shachar,E"]
[Result "0-1"]
[WhiteElo "2223"]
[BlackElo "2366"]
[EventDate "2008.07.21"]

1. c4 e6 2. g3 f5 3. Bg2 Nf6 4. Nc3 Be7 5. Nf3 O-O 6. O-O d6 7. d4 Ne4 8.
Qc2 Nxc3 9. bxc3 Nc6 10. e4 e5 11. d5 Na5 12. c5 fxe4 13. Qxe4 Bf5 14. Qa4
b6 15. c6 Qe8 16. Be3 Qh5 17. Nd2 Rf7 18. f3 Bg5 19. Rae1 Bd3 20. Rf2 Raf8
21. Bxg5 Qxg5 22. Ne4 Qh5 23. Qd1 Bc4 24. Qd2 h6 25. h4 Kh8 26. Bh1 Ba6 27.
Rh2 Qf5 28. Rf2 Nc4 29. Qc2 b5 30. Qb3 Nb6 31. Qa3 Bc8 32. Nxd6 cxd6 33.
Qxd6 e4 34. Rxe4 Qxd5 35. Qxd5 Nxd5 36. c4 Nc3 37. Rd4 Re7 38. Kh2 b4 39.
f4 a5 40. Rfd2 Rc7 41. Bf3 a4 42. c5 b3 43. axb3 a3 44. b4 Be6 45. R4d3 a2
46. Rxa2 Nxa2 47. b5 Nb4 48. Rd6 Re7 49. b6 Na6 50. c7 Nxc5 51. Rc6 Na6 0-1

[Event "41st Festival MTO"]
[Site "Biel SUI"]
[Date "2008.07.23"]
[Round "3"]
[White "Thomassen,J"]
[Black "Skoberne,J"]
[Result "1-0"]
[WhiteElo "2357"]
[BlackElo "2499"]
[EventDate "2008.07.21"]

1. e4 d6 2. d4 Nf6 3. Nc3 g6 4. f4 Bg7 5. Nf3 O-O 6. Bd3 Na6 7. O-O c5 8.
d5 Bg4 9. Kh1 Rb8 10. a3 Nc7 11. Qe1 b5 12. Qh4 c4 13. Be2 e6 14. dxe6 fxe6
15. Be3 Bxf3 16. Bxf3 Nd7 17. Qf2 Nb6 18. Rad1 Qe7 19. e5 dxe5 20. Bc5 Qf7
21. Bxf8 Rxf8 22. fxe5 Bxe5 23. Qc5 Qg7 24. Nxb5 Na4 25. Qb4 Qh6 26. Bh5
Rxf1+ 27. Rxf1 Nd5 28. Qxc4 Nab6 29. Qc6 gxh5 30. Qe8+ Kg7 31. Qf7+ Kh8 32.
Qe8+ Kg7 33. Qf8+ Kg6 34. Qg8+ Qg7 35. Qxe6+ Bf6 36. Nd6 Qd7 37. Qg8+ Qg7
38. Qe8+ Kg5 39. Rf5+ 1-0

[Event "41st Festival MTO"]
[Site "Biel SUI"]
[Date "2008.07.23"]
[Round "3"]
[White "Grachev,B"]
[Black "Kim,Alex"]
[Result "1-0"]
[WhiteElo "2640"]
[BlackElo "2460"]
[EventDate "2008.07.21"]

1. d4 Nf6 2. Nf3 e6 3. c4 b6 4. g3 Ba6 5. Qa4 Bb7 6. Bg2 Be7 7. O-O O-O 8.
Nc3 c5 9. dxc5 bxc5 10. Rd1 Qb6 11. Bf4 d6 12. Rd2 Rd8 13. Rad1 Ne8 14. Qb5
Qc7 15. Qb3 a6 16. e4 Nc6 17. Qc2 Bf6 18. Be3 Rab8 19. h4 Ba8 20. h5 Ne5
21. b3 Nc6 22. h6 g6 23. Qc1 Qa5 24. Na4 Qc7 25. Re1 Qa7 26. Qd1 Qc7 27.
Rf1 Qe7 28. Nh2 Bd4 29. Re2 Bxe3 30. Rxe3 Qf8 31. Ng4 Nd4 32. e5 dxe5 33.
Bxa8 Rxa8 34. Nxe5 Rac8 35. Rd3 Qd6 36. Re3 f6 37. Ng4 Qf8 38. Rd3 Rd7 39.
Nb6 Rcd8 40. Nxd7 Rxd7 41. Re1 Qd6 42. Rde3 Kf7 43. Qf3 Qb6 1-0

[Event "41st Festival MTO"]
[Site "Biel SUI"]
[Date "2008.07.23"]
[Round "3"]
[White "Abdul,Majee"]
[Black "Klauser,M"]
[Result "1/2-1/2"]
[WhiteElo "2281"]
[BlackElo "2394"]
[EventDate "2008.07.21"]

1. e4 e5 2. Nf3 Nc6 3. Bb5 a6 4. Ba4 Nf6 5. d3 d6 6. c3 g6 7. O-O Bg7 8.
Re1 O-O 9. h3 h6 10. Nbd2 Nh5 11. Nf1 Bd7 12. d4 b5 13. Bb3 Na5 14. Bc2 Nc4
15. b3 Nb6 16. Be3 Qe7 17. Qd2 Kh7 18. Rad1 Bc6 19. N1h2 Nd7 20. Ng4 Ndf6
21. Nfh2 Ng8 22. Nf1 Nhf6 23. Nxf6+ Bxf6 24. f4 exf4 25. Bxf4 Bg5 26. Ng3
Bxf4 27. Qxf4 Qg5 28. Qxg5 hxg5 29. d5 Bd7 30. e5 dxe5 31. Rxe5 f6 32. Re3
Rfe8 33. Rde1 Rxe3 34. Rxe3 f5 35. Ne2 Kg7 36. c4 bxc4 37. bxc4 Kf6 38. Nc3
Re8 39. Rd3 Re1+ 40. Kf2 Rc1 41. Bb3 Ke7 42. Ne2 Rb1 43. c5 Nf6 44. Nc3
Rb2+ 45. Kf3 g4+ 46. hxg4 Nxg4 47. d6+ cxd6 48. Rxd6 Rf2+ 49. Kg3 f4+ 50.
Kh4 Ne3 51. Kg5 a5 52. Rd4 Bc6 53. Rxf4 Rxg2+ 54. Kh6 Nf5+ 55. Kh7 Kf6 56.
Kg8 Rd2 57. Rf1 Rd8+ 58. Kh7 Rd7+ 59. Kh8 Kg5 60. Kg8 Rg7+ 61. Kh8 Re7 62.
Kg8 1/2-1/2

[Event "41st Festival MTO"]
[Site "Biel SUI"]
[Date "2008.07.23"]
[Round "3"]
[White "Belov,Vl"]
[Black "Feuerstack,A"]
[Result "1-0"]
[WhiteElo "2561"]
[BlackElo "2355"]
[EventDate "2008.07.21"]

1. Nf3 Nf6 2. c4 c6 3. e3 d5 4. Nc3 g6 5. Be2 Bg7 6. O-O O-O 7. h3 b6 8. d4
Bb7 9. b4 dxc4 10. Bxc4 b5 11. Bd3 a5 12. bxa5 Qxa5 13. Ne4 Nxe4 14. Bxe4
Nd7 15. Bd2 Qa7 16. Rc1 Rfc8 17. Rc2 c5 18. Bxb7 Qxb7 19. dxc5 Nxc5 20. Bb4
Na6 21. Ba3 b4 22. Bb2 Rxc2 23. Qxc2 Qc7 24. Qe4 Qd8 25. Bxg7 Kxg7 26. Rc1
Ra7 27. Nd4 Rc7 28. Qe5+ Kg8 29. Rxc7 Qxc7 30. Qxc7 Nxc7 31. Nc6 Nd5 32. e4
Nc3 33. Nxb4 Nxe4 34. a4 Kf8 35. a5 Nd6 36. a6 Nc8 1-0

[Event "41st Festival MTO"]
[Site "Biel SUI"]
[Date "2008.07.24"]
[Round "4"]
[White "Duschek,V"]
[Black "Tairova,E"]
[Result "0-1"]
[WhiteElo "2273"]
[BlackElo "2417"]
[EventDate "2008.07.21"]

1. e4 c5 2. Nf3 d6 3. d4 cxd4 4. Nxd4 Nf6 5. Nc3 a6 6. Bc4 e6 7. Bb3 b5 8.
Bg5 Be7 9. Qf3 O-O 10. e5 dxe5 11. Qxa8 Qb6 12. Qf3 Bb7 13. Qg3 exd4 14.
Bxf6 Bxf6 15. Ne2 Nd7 16. O-O Nc5 17. Rad1 e5 18. Kh1 a5 19. a3 Ne4 20. Qd3
Nc5 21. Qg3 Rd8 22. Ba2 Ne4 23. Qd3 Nc5 24. Qg3 Qc6 25. f3 Na4 26. f4 e4
27. Qb3 Qe8 28. Bb1 e3 0-1

[Event "41st Festival MTO"]
[Site "Biel SUI"]
[Date "2008.07.24"]
[Round "4"]
[White "Shachar,E"]
[Black "Bindrich,F"]
[Result "0-1"]
[WhiteElo "2366"]
[BlackElo "2516"]
[EventDate "2008.07.21"]

1. e4 c5 2. Nf3 d6 3. c3 Nf6 4. Be2 Bg4 5. O-O e6 6. d3 Nc6 7. Nbd2 Be7 8.
a3 O-O 9. b4 a6 10. Bb2 d5 11. e5 Nd7 12. d4 cxd4 13. cxd4 b5 14. Bd3 Qb6
15. Qb1 h6 16. Bc3 Rfb8 17. Nb3 Bxf3 18. gxf3 Qd8 19. f4 Nb6 20. Qd1 Na4
21. Rc1 a5 22. Bd2 Nb2 23. Qc2 Nc4 24. bxa5 Bxa3 25. Rb1 Qh4 26. Be2 Bb4
27. Be3 Ne7 28. Ra1 Nf5 29. Qd3 Bxa5 30. Nxa5 Rxa5 31. Rxa5 Nxa5 32. Kh1
Nc4 33. Rg1 Ra8 34. Qb3 Ncxe3 35. fxe3 Qf2 36. Qxb5 Qxe3 0-1

[Event "41st Festival MTO"]
[Site "Biel SUI"]
[Date "2008.07.24"]
[Round "4"]
[White "Avrukh,B"]
[Black "Weisbuch,U"]
[Result "1-0"]
[WhiteElo "2656"]
[BlackElo "2315"]
[EventDate "2008.07.21"]

1. d4 Nf6 2. c4 g6 3. g3 Bg7 4. Bg2 d6 5. Nc3 O-O 6. Nf3 c5 7. d5 e5 8. O-O
Ne8 9. e4 h6 10. Nh4 Kh7 11. Bd2 Bf6 12. Nf3 Bg5 13. Nxg5+ hxg5 14. f4 gxf4
15. gxf4 exf4 16. Qf3 Nd7 17. Qxf4 Ne5 18. Qh6+ Kg8 19. Bg5 f6 20. Bf4 Kf7
21. Qh7+ Ng7 22. Bh6 Rg8 23. h3 Bd7 24. Rf2 Nd3 25. Rd2 Ne5 26. Rf1 Qe7 27.
Rdf2 Nd3 28. Rxf6+ Qxf6 29. Rxf6+ Kxf6 30. e5+ Nxe5 31. Ne4+ Kf7 32. Nxd6+
Kf6 33. Bg5+ Kxg5 34. Ne4+ 1-0

[Event "41st Festival MTO"]
[Site "Biel SUI"]
[Date "2008.07.24"]
[Round "4"]
[White "Al Sayed,Mohamad"]
[Black "Belov,Vl"]
[Result "1/2-1/2"]
[WhiteElo "2470"]
[BlackElo "2561"]
[EventDate "2008.07.21"]

1. d4 Nf6 2. c4 g6 3. g3 c6 4. Bg2 d5 5. Nf3 dxc4 6. Qc2 b5 7. e4 Bg7 8.
O-O O-O 9. b3 cxb3 10. axb3 Bb7 11. Nc3 Na6 12. Rd1 Qb6 13. Be3 Ng4 14. Bg5
e5 15. dxe5 Nxe5 16. Nxe5 Bxe5 17. Be3 c5 18. Rac1 Bd4 19. Bxd4 cxd4 20.
Nd5 Bxd5 1/2-1/2

[Event "41st Festival MTO"]
[Site "Biel SUI"]
[Date "2008.07.24"]
[Round "4"]
[White "Kim,Alex"]
[Black "Misiano,F"]
[Result "1-0"]
[WhiteElo "2460"]
[BlackElo "2269"]
[EventDate "2008.07.21"]

1. e4 e6 2. d4 d5 3. Nd2 Nf6 4. e5 Nfd7 5. f4 c5 6. c3 Nc6 7. Ndf3 Qb6 8.
h4 cxd4 9. cxd4 Bb4+ 10. Kf2 f6 11. Be3 fxe5 12. fxe5 O-O 13. a3 Ndxe5 14.
dxe5 Bc5 15. Bxc5 Qxc5+ 16. Kg3 Nxe5 17. Qd4 Nd7 18. Qxc5 Nxc5 19. Ne2 Ne4+
20. Kh2 Nf2 21. Rg1 Ng4+ 22. Kg3 e5 23. Nc3 e4 24. Nd4 Nf6 25. Rd1 Bg4 26.
Be2 Bxe2 27. Ndxe2 Rfd8 28. Rd4 Rd6 29. Nf4 Rad8 30. Rgd1 g6 31. Nfxd5 Kg7
32. Nf4 Rxd4 33. Rxd4 Rxd4 34. Ne6+ 1-0

[Event "41st Festival MTO"]
[Site "Biel SUI"]
[Date "2008.07.24"]
[Round "4"]
[White "Jenni,F"]
[Black "Lehmann,Mar"]
[Result "1-0"]
[WhiteElo "2544"]
[BlackElo "2307"]
[EventDate "2008.07.21"]

1. Nf3 Nf6 2. g3 g6 3. b3 Bg7 4. Bb2 d5 5. c4 c6 6. Bg2 O-O 7. O-O a5 8. d3
b5 9. Nbd2 Qb6 10. Qc2 Na6 11. a3 Bb7 12. Ne5 Rfd8 13. d4 bxc4 14. bxc4 Nc7
15. c5 Qa6 16. e3 a4 17. Rfb1 Nb5 18. Bf1 Rac8 19. Bc1 Nd7 20. Nxd7 Rxd7
21. Rb4 Ra8 22. Rab1 e5 23. dxe5 Bxe5 24. Nf3 Bg7 25. Bb2 Bf8 26. Ne5 Rc7
27. Ng4 1-0

[Event "41st Festival MTO"]
[Site "Biel SUI"]
[Date "2008.07.24"]
[Round "4"]
[White "Ivanisevic,I"]
[Black "Mas,H"]
[Result "1-0"]
[WhiteElo "2664"]
[BlackElo "2386"]
[EventDate "2008.07.21"]

1. d4 Nf6 2. c4 e6 3. g3 d5 4. Nf3 dxc4 5. Bg2 Nc6 6. O-O Rb8 7. Nc3 Bb4 8.
a3 Bxc3 9. bxc3 O-O 10. Bg5 h6 11. Bh4 g5 12. Nxg5 hxg5 13. Bxg5 Kg7 14. e4
Ne7 15. f4 Nh7 16. Qh5 Nxg5 17. fxg5 e5 18. Rf6 Ng8 19. Raf1 Qe7 20. Qh4
Qd8 21. Qh5 Qe7 22. dxe5 Be6 23. g6 Nh6 24. gxf7 Rh8 25. f8=Q+ 1-0

[Event "41st Festival MTO"]
[Site "Biel SUI"]
[Date "2008.07.24"]
[Round "4"]
[White "Hug,W"]
[Black "Lehmann,A"]
[Result "1-0"]
[WhiteElo "2437"]
[BlackElo "2258"]
[EventDate "2008.07.21"]

1. d4 d5 2. c3 Nf6 3. Bf4 c6 4. e3 Bf5 5. Bd3 Bxd3 6. Qxd3 e6 7. Nd2 Bd6 8.
Bg5 Nbd7 9. Ngf3 O-O 10. O-O Re8 11. c4 e5 12. cxd5 e4 13. Nxe4 Rxe4 14.
Qxe4 Nxe4 15. Bxd8 Rxd8 16. dxc6 bxc6 17. Rac1 Rc8 18. Rfd1 c5 19. dxc5
Rxc5 20. Rxc5 Ndxc5 21. Ng5 Be7 22. Nxe4 Nxe4 23. Rd7 Kf8 24. Rxa7 Ke8 25.
b4 Nc3 26. a3 1-0

[Event "41st Festival MTO"]
[Site "Biel SUI"]
[Date "2008.07.24"]
[Round "4"]
[White "Gleizerov,E"]
[Black "Grachev,B"]
[Result "1/2-1/2"]
[WhiteElo "2549"]
[BlackElo "2640"]
[EventDate "2008.07.21"]

1. d4 d5 2. c4 c6 3. Nf3 Nf6 4. e3 e6 5. Nbd2 Nbd7 6. Bd3 Bd6 7. O-O O-O 8.
e4 e5 9. cxd5 cxd5 10. exd5 exd4 11. Ne4 Nxe4 12. Bxe4 Nf6 13. Bg5 h6 14.
Bxf6 Qxf6 15. Qxd4 1/2-1/2

[Event "41st Festival MTO"]
[Site "Biel SUI"]
[Date "2008.07.24"]
[Round "4"]
[White "Thomassen,J"]
[Black "Hausrath,D"]
[Result "0-1"]
[WhiteElo "2357"]
[BlackElo "2491"]
[EventDate "2008.07.21"]

1. e4 c5 2. Nf3 g6 3. d4 cxd4 4. Nxd4 Bg7 5. Nc3 Nc6 6. Be3 Nf6 7. Bc4 O-O
8. Bb3 b6 9. O-O Bb7 10. f3 Qc7 11. Nd5 Nxd5 12. exd5 Qe5 13. dxc6 Qxe3+
14. Kh1 dxc6 15. c3 Bxd4 16. cxd4 e6 17. Re1 Qf4 18. Qe2 Rad8 19. Rad1 Rxd4
20. Rxd4 Qxd4 21. Rd1 Qf4 22. Rd7 Qc1+ 23. Rd1 Qg5 24. Rd7 Bc8 25. Rxa7 Rd8
26. Qe1 Rd2 27. g3 Rd8 28. Qc3 c5 29. Kg1 c4 30. Bxc4 Qc5+ 31. Kg2 b5 32.
Qa5 Rd1 33. Bf1 Qc2+ 34. Kh3 Rxf1 35. Qd8+ Kg7 0-1

[Event "41st Festival MTO"]
[Site "Biel SUI"]
[Date "2008.07.24"]
[Round "4"]
[White "Bozinovic,Bog"]
[Black "Kovacevic,A"]
[Result "0-1"]
[WhiteElo "2323"]
[BlackElo "2585"]
[EventDate "2008.07.21"]

1. d4 Nf6 2. Nf3 e6 3. e3 c5 4. Bd3 d5 5. c3 Nc6 6. Nbd2 Bd6 7. O-O O-O 8.
h3 Qc7 9. dxc5 Bxc5 10. e4 Rd8 11. Qe2 Nh5 12. Nb3 Ng3 13. Qc2 dxe4 14.
Bxe4 Nxe4 15. Qxe4 Bd6 16. Be3 Ne7 17. Rad1 Bd7 18. Ng5 Ng6 19. Nd4 Nf8 20.
Qf3 f5 21. Qe2 h6 22. Ngf3 a6 23. Qc2 Kh7 24. Rfe1 g6 25. Qb3 b5 26. Re2
Be8 27. Qc2 e5 28. Nb3 Bc6 29. Red2 Be4 30. Qc1 Ne6 31. Bxh6 Bxf3 32. gxf3
f4 0-1